Исследование физико-механических характеристик 3-Д сетчатых скэффолдов полученных методом электронно-лучевой плавки по технологии быстрого прототипирования; Высокие технологии в современной науке и технике (ВТСНТ-2016)

Podrobná bibliografie
Parent link:Высокие технологии в современной науке и технике (ВТСНТ-2016).— 2016.— [С. 172-173]
Hlavní autor: Ткачев М. С.
Korporativní autor: Национальный исследовательский Томский политехнический университет (ТПУ) Физико-технический институт (ФТИ) Кафедра теоретической и экспериментальной физики (ТиЭФ) Центр технологий (ЦТ)
Další autoři: Мельников Е. С. Евгений Сергеевич (научный руководитель), Сурменева М. А. Мария Александровна
Shrnutí:Заглавие с титульного экрана
Методом электронно-лучевой плавки были изготовлены образцы из титанового сплава Ti-6Al-4V с разной пористостью. Методами сканирующей электронной микроскопии исследованы особенности морфологии. Анализ испытаний на сжатие позволил определить модуль Юнга и предел прочности полученных образцов. Установлено, что значения модуля упругости (2,6-5,1 ГПа) и предела прочности (111-279 МПа), полученных скэффолдов, соответствуют интервалам значений для костной ткани.
Jazyk:ruština
Vydáno: 2016
Edice:Технологии материалов новых поколений и наноматериалов
Témata:
On-line přístup:http://earchive.tpu.ru/handle/11683/36471
Médium: MixedMaterials Elektronický zdroj Kapitola
KOHA link:https://koha.lib.tpu.ru/cgi-bin/koha/opac-detail.pl?biblionumber=621792

MARC

LEADER 00000naa2a2200000 4500
001 621792
005 20231101133159.0
035 |a (RuTPU)RU\TPU\conf\20408 
035 |a RU\TPU\conf\20407 
090 |a 621792 
100 |a 20170119d2016 k y0rusy50 ca 
101 0 |a rus 
102 |a RU 
105 |a y z 101zy 
135 |a drcn ---uucaa 
181 0 |a i  
182 0 |a b 
200 1 |a Исследование физико-механических характеристик 3-Д сетчатых скэффолдов полученных методом электронно-лучевой плавки по технологии быстрого прототипирования  |f М. С. Ткачев, Е. С. Мельников  |g науч. рук. М. А. Сурменева 
203 |a Текст  |c электронный 
225 1 |a Технологии материалов новых поколений и наноматериалов 
230 |a 1 компьютерный файл (pdf; 405 Kb) 
300 |a Заглавие с титульного экрана 
320 |a [Библиогр.: с. 173 (11 назв.)] 
330 |a Методом электронно-лучевой плавки были изготовлены образцы из титанового сплава Ti-6Al-4V с разной пористостью. Методами сканирующей электронной микроскопии исследованы особенности морфологии. Анализ испытаний на сжатие позволил определить модуль Юнга и предел прочности полученных образцов. Установлено, что значения модуля упругости (2,6-5,1 ГПа) и предела прочности (111-279 МПа), полученных скэффолдов, соответствуют интервалам значений для костной ткани. 
463 1 |0 (RuTPU)RU\TPU\conf\20333  |t Высокие технологии в современной науке и технике (ВТСНТ-2016)  |o сборник научных трудов V Международной научно-технической конференции молодых ученых, аспирантов и студентов, г. Томск, 5–7 декабря 2016 г.  |f Национальный исследовательский Томский политехнический университет (ТПУ) ; под ред. А. Н. Яковлева  |v [С. 172-173]  |d 2016 
610 1 |a труды учёных ТПУ 
610 1 |a электронные ресурсы 
610 1 |a электронно-лучевая плавка 
610 1 |a титановые сплавы 
610 1 |a электронная микроскопия 
610 1 |a морфология 
610 1 |a сплавы 
700 1 |a Ткачев  |b М. С. 
701 1 |a Мельников  |b Е. С.  |c физик  |c лаборант Томского политехнического университета  |f 1992-  |g Евгений Сергеевич  |2 stltpush  |3 (RuTPU)RU\TPU\pers\34111 
702 1 |a Сурменева  |b М. А.  |c специалист в области материаловедения  |c инженер-исследователь Томского политехнического университета, старший научный сотрудник  |f 1984-  |g Мария Александровна  |2 stltpush  |4 727 
712 0 2 |a Национальный исследовательский Томский политехнический университет (ТПУ)  |b Физико-технический институт (ФТИ)  |b Кафедра теоретической и экспериментальной физики (ТиЭФ)  |b Центр технологий (ЦТ)  |h 408  |2 stltpush  |3 (RuTPU)RU\TPU\col\20620 
801 2 |a RU  |b 63413507  |c 20170207  |g RCR 
856 4 |u http://earchive.tpu.ru/handle/11683/36471 
942 |c BK